000 00836nam a2200241 a 4500
001 41602
003 BD-RjUL
005 20211209053423.0
008 160602s1985 bg ||||| b||| 00| 0 ben d
020 _c: Tk. 15.00
035 _a(BD-RjUL) 41720
040 _aBD-RjUL
_bben
_cBD-RjUL
041 _aben
082 _223
_a491.445
_bSYC 1985
100 1 _aসৈয়দ, আবদুল মান্নান
_9118059
245 1 0 _aছন্দ /
_cসৈয়দ আবদুর মান্নান
260 _aঢাকা :
_bবাংলা একাডেমী,
_c১৯৮৫
300 _a৮৬ পৃ, ;
_c২০ সেমি.
504 _aগ্রন্থপঞ্জি সংযুক্ত
650 _aবাংলা ব্যাকরণ
_9121623
650 _aBengali Grammar
_9121624
942 _2ddc
_cBK
999 _c41602
_d41602